Geografía y escuela

Guardat en:
Dades bibliogràfiques
Autor corporatiu: Instituto de Estudios Pedagógicos Somosaguas (Autor)
Format: Llibre
Idioma:espanyol
Publicat: Madrid Narcea 1978
Col·lecció:Apuntes I.E.P.S., 13
Matèries:
Etiquetes: Afegir etiqueta
Sense etiquetes, Sigues el primer a etiquetar aquest registre!

MARC

LEADER 00000nam a2200000 a 4500
001 UCZ8119
003 CL-VaPUC
008 960112e19780000SP |||||||||||||||||spa|d
082 0 4 |a 372.891  |b INS  |2 21 
110 2 |a Instituto de Estudios Pedagógicos Somosaguas  |e author  |9 353277 
245 1 0 |a Geografía y escuela 
300 |a 46 p 
942 |c BK 
945 |d 19960112 00:00:00  |a lriquelm 
260 |a Madrid  |b Narcea  |c 1978 
650 0 |a Enseñanza de la geografía  |9 310005 
650 0 |a Geografía  |9 259346 
650 0 |a Planificación de la educación   |9 307333 
650 0 |a Educación básica   |9 224933 
650 0 |a Escuelas  |9 308582 
583 |a last modification  |c 19960112 00:00:00  |k Rodrigo Vera 
490 0 |a Apuntes I.E.P.S., 13 
999 |c 244075  |d 244073 
952 |0 0  |1 0  |4 0  |6 372_891000000000000_INS_1978  |7 0  |8 P  |9 258003  |a BIBEDU  |b BIBEDU  |c BIBEDU_PB  |d 2019-11-19  |i 2889110  |o 372.891 INS 1978  |p 2889110  |r 2024-01-25  |w 2019-11-19  |y BK  |k EDU